000 01867cam a22005054i 4500
003 PE-LiUPU
005 20250731165635.0
008 150616s r 000 0 d
020 _a1850750998
035 _a(Sirsi) i9781850750994
040 _aPE-LiUPU
_bspa
_cPE-LiUPU
_erda
049 _aPRUA
082 0 4 _a221.07
_bJ
_221
100 1 _aKlein, Lillian R.,
_eautor.
245 1 4 _aThe Triumph of Irony in the Book of Judges.
_n68/14.
264 1 _aDecatur, GA :
_bThe Almond Press,
_c1989.
300 _a260 páginas ;
_c21centímetros
336 _atext
_2rdacontent
337 _aunmediated
_2rdamedia
338 _avolume
_2rdacarrier
490 0 _aSupplement Series Bible and Literature Series ;
_v14 - 68
505 0 _aIntroduction -- Exposition -- The first judges -- Complications -- Anti-Climax -- The minor judges -- The last judge -- Resolution I -- Resolution II -- Resolution III.-Judges.
526 _aSEG44
526 _aSEG26
526 _aP151
526 _aP150
526 _aP149
526 _aP146
526 _aP145
526 _aP126
526 _aP125
526 _aP92
526 _aP75
526 _aP74
526 _aP27
526 _aP15
650 0 4 _aIRONIA EN LA BIBLIA (JUECES).
910 _ajck
_bjvq
_cjck
942 _2ddc
_cBOOK
949 _aRC 221.07 J 68/14
_wDEWEY
_c1
_i40050
_lCCODEBUL1
_mBUL
_r0
_sY
_tBOOK
_u2015-6-16
_xTEOLOGIA
_zUNKNOWN
_0COMPRA
_o.CIRCNOTE. No olvidar cambiar la fecha de devolución!!!!!!!
_o.STAFF. Colección General
994 _aC0
_bPEPRU
596 _a1
999 _aRC 221.07 J 68/14
_wDEWEY
_c57832
_i40050
_f2021-11-8
_g6
_lCCODEBUL1
_mBUL
_r1
_sY
_tBOOK
_u2015-6-16
_xTEOLOGIA
_zUNKNOWN
_0COMPRA
_o.CIRCNOTE. No olvidar cambiar la fecha de devolución!!!!!!!
_o.STAFF. Colección General
_d57832
980 _81
_gALBERTO SANCHEZ Responsable de Automatización